[Event "Brasilia Brasiliense-ch"]
[Site "Brasilia"]
[Date "2019.10.26"]
[Round "9"]
[White "Valle, Adriano"]
[Black "Cardoso, Cicero Assuncao Jr"]
[Result "1-0"]
[WhiteElo "2267"]
[BlackElo "1914"]
[PlyCount "53"]
[EventDate "2019.10.17"]
[EventType "tourn"]
[EventRounds "11"]
[EventCountry "BRA"]
[SourceTitle "CBM 192 Extra"]
[Source "Chessbase"]
[SourceDate "2019.11.06"]
[SourceVersion "1"]
[SourceVersionDate "2019.11.06"]
[SourceQuality "1"]

1. d4 Nf6 2. Nf3 e6 3. g3 c5 4. Bg2 Be7 5. 0-0 0-0 6. c4 cxd4 7. Nxd4 a6 8. Nc3 Nc6 9. e4 Qc7 10. Be3 d6 11. Rc1 Bd7 12. Nd5 exd5 13. cxd5 Rac8 14. dxc6 bxc6 15. h3 c5 16. Ne2 Bc6 17. Nc3 Qb7 18. Qc2 Rfd8 19. Rfe1 Nd7 20. Rcd1 Rb8 21. b3 f5 22. Nd5 Bxd5 23. Rxd5 fxe4 24. Qxe4 Nf6 25. Qc4 Qb5 26. Rxc5+ Qxc4 27. Rxc4 1-0

[Event "Brasilia Brasiliense-ch"]
[Site "Brasilia"]
[Date "2019.10.20"]
[Round "6"]
[White "Felix, Raimundo Nascimento"]
[Black "Valle, Adriano"]
[Result "1/2-1/2"]
[WhiteElo "1975"]
[BlackElo "2267"]
[PlyCount "32"]
[EventDate "2019.10.17"]
[EventType "tourn"]
[EventRounds "11"]
[EventCountry "BRA"]
[SourceTitle "CBM 192 Extra"]
[Source "Chessbase"]
[SourceDate "2019.11.06"]
[SourceVersion "1"]
[SourceVersionDate "2019.11.06"]
[SourceQuality "1"]

1. e4 c5 2. Nf3 e6 3. d4 cxd4 4. Nxd4 a6 5. Nc3 b5 6. g3 Bb7 7. Bg2 Nf6 8. Qe2 b4 9. Na4 Qc7 10. b3 d6 11. Bb2 Be7 12. 0-0 Nbd7 13. c4 0-0 14. Rad1 Rfe8 15. Rfe1 g6 16. Qd2 Rab8 1/2-1/2

[Event "Brasilia Terraviva op"]
[Site "Brasilia"]
[Date "2019.01.13"]
[Round "6"]
[White "Pompeo, Flavio Sposto"]
[Black "Valle, Adriano"]
[Result "0-1"]
[WhiteElo "2076"]
[BlackElo "2250"]
[PlyCount "100"]
[EventDate "2019.01.10"]
[EventType "swiss"]
[EventRounds "7"]
[EventCountry "BRA"]
[SourceTitle "CBM 188 Extra"]
[Source "ChessBase"]
[SourceDate "2019.02.26"]
[SourceVersion "1"]
[SourceVersionDate "2019.02.26"]
[SourceQuality "1"]

1. c4 Nf6 2. g3 e6 3. Bg2 d5 4. Nf3 Be7 5. 0-0 0-0 6. b3 c5 7. Bb2 Nc6 8. e3 b6 9. Qe2 Bb7 10. d3 Qc7 11. Nc3 Rad8 12. Rac1 Qb8 13. Rfd1 Rfe8 14. h3 d4 15. Nb1 e5 16. e4 a6 17. Nbd2 g6 18. Nf1 Bc8 19. Rb1 Qd6 20. Bc1 Bd7 21. Bd2 Ra8 22. N1h2 Reb8 23. Rf1 b5 24. Ne1 a5 25. f4 a4 26. fxe5 Nxe5 27. Nef3 Nh5 28. Nxe5 Qxe5 29. Qf2 Nxg3 30. Nf3 Qc7 31. Nxd4 Nxf1 32. Rxf1 Rf8 33. Ne2 axb3 34. axb3 Ra2 35. Bh6 Be6 36. Bxf8 Bxf8 37. Qf3 bxc4 38. bxc4 Qe5 39. Qf4 Qb2 40. Rf2 Qb1+ 41. Kh2 Qxd3 42. Bf3 Bxc4 43. Kg3 Qd2 44. Qh4 Bg7 45. Qe7 Qe3 46. Qd8+ Bf8 47. Qd1 Rd2 48. Qe1 Bd6+ 49. Kg2 Be5 50. Kh1 Bd4 0-1

[Event "Brasilia Terraviva op"]
[Site "Brasilia"]
[Date "2019.01.12"]
[Round "5"]
[White "Valle, Adriano"]
[Black "Chang, Suzana"]
[Result "1-0"]
[WhiteElo "2250"]
[BlackElo "1990"]
[PlyCount "59"]
[EventDate "2019.01.10"]
[EventType "swiss"]
[EventRounds "7"]
[EventCountry "BRA"]
[SourceTitle "CBM 188 Extra"]
[Source "ChessBase"]
[SourceDate "2019.02.26"]
[SourceVersion "1"]
[SourceVersionDate "2019.02.26"]
[SourceQuality "1"]

1. d4 Nf6 2. c4 g6 3. Nc3 Bg7 4. e4 d6 5. Nf3 0-0 6. Be2 e5 7. d5 Na6 8. Bg5 h6 9. Bh4 Qe8 10. Nd2 c6 11. 0-0 Bd7 12. Rb1 c5 13. a3 Nh7 14. Nb5 Bxb5 15. cxb5 Nc7 16. a4 f5 17. f3 g5 18. Bf2 f4 19. b4 b6 20. Nc4 Qd7 21. Qb3 Rab8 22. Rfc1 Rf6 23. bxc5 bxc5 24. Na5 Rg6 25. Nc6 Rb7 26. a5 g4 27. fxg4 Nxb5 28. a6 Rb6 29. Bxb5 Qxg4 30. Ne7+ 1-0

[Event "Brasilia Terraviva op"]
[Site "Brasilia"]
[Date "2018.01.14"]
[Round "7"]
[White "Valle, Adriano"]
[Black "Japiassu, Ricardo de Villa No"]
[Result "1-0"]
[WhiteElo "2253"]
[BlackElo "1981"]
[PlyCount "43"]
[EventDate "2018.01.11"]
[EventType "swiss"]
[EventRounds "7"]
[EventCountry "BRA"]
[SourceTitle "CBM 182 Extra"]
[Source "ChessBase"]
[SourceDate "2018.02.23"]
[SourceVersion "1"]
[SourceVersionDate "2018.02.23"]
[SourceQuality "1"]

1. d4 Nf6 2. Nf3 c5 3. d5 e6 4. Nc3 b5 5. Bg5 b4 6. Na4 Qa5 7. Bxf6 gxf6 8. b3 f5 9. e4 fxe4 10. Ng5 Qd8 11. Nxe4 d6 12. Bb5+ Bd7 13. Bxd7+ Kxd7 14. dxe6+ Kc7 15. Qf3 Qe7 16. 0-0 Nc6 17. exf7 Bg7 18. Rad1 Rad8 19. Rfe1 Ne5 20. Qe2 Qxf7 21. Qa6 Nc6 22. Ng5 1-0

[Event "Brasilia Terraviva op"]
[Site "Brasilia"]
[Date "2018.01.12"]
[Round "2"]
[White "Moraes Silva, Carlos Alessandro"]
[Black "Valle, Adriano"]
[Result "0-1"]
[WhiteElo "1896"]
[BlackElo "2253"]
[PlyCount "110"]
[EventDate "2018.01.11"]
[EventType "swiss"]
[EventRounds "7"]
[EventCountry "BRA"]
[SourceTitle "CBM 182 Extra"]
[Source "ChessBase"]
[SourceDate "2018.02.23"]
[SourceVersion "1"]
[SourceVersionDate "2018.02.23"]
[SourceQuality "1"]

1. Nf3 Nf6 2. c4 e6 3. Nc3 d5 4. d4 Be7 5. e3 0-0 6. Bd3 c5 7. 0-0 Nc6 8. a3 b6 9. dxc5 bxc5 10. cxd5 exd5 11. Qa4 Bd7 12. Bb5 Qc7 13. Qc2 a6 14. Bd3 Ne5 15. Nxe5 Qxe5 16. f4 Qc7 17. Bd2 c4 18. Be2 Rab8 19. Bf3 Bc6 20. Ne2 Qb6 21. Nd4 Bd7 22. Bc3 Rfe8 23. Rfe1 Bg4 24. h3 Bxf3 25. gxf3 Bc5 26. Kh2 Qd6 27. Qf2 g6 28. Qh4 Nh5 29. Rac1 Ng7 30. Qh6 Bxd4 31. exd4 f6 32. Bb4 Qxb4 33. Qxg7+ Kxg7 34. axb4 Rxe1 35. Rxe1 Kf7 36. Ra1 Rxb4 37. Ra2 Rb3 38. Kg3 Rd3 39. Rxa6 Rxd4 40. Kg4 g5 41. Kg3 Rxf4 42. Ra7+ Kg6 43. Rd7 Rd4 44. Kf2 h5 45. Ke3 Rd3+ 46. Ke2 h4 47. b3 Rxb3 48. Rxd5 Rb2+ 49. Ke3 c3 50. Rc5 Rh2 51. Rxc3 Rxh3 52. Kf2 g4 53. Kg2 Rxf3 54. Rxf3 gxf3+ 55. Kxf3 Kf5 0-1

[Event "Brasilia CBX/FBX"]
[Site "Brasilia"]
[Date "2016.10.30"]
[Round "6"]
[White "Valle, Adriano"]
[Black "Cubas, Jose Fernando"]
[Result "1/2-1/2"]
[WhiteElo "2286"]
[BlackElo "2466"]
[PlyCount "95"]
[EventDate "2016.10.26"]
[EventType "tourn"]
[EventRounds "9"]
[EventCountry "BRA"]
[EventCategory "2"]
[SourceTitle "CBM 175 Extra"]
[Source "ChessBase"]
[SourceDate "2016.12.12"]
[SourceVersion "1"]
[SourceVersionDate "2016.12.12"]
[SourceQuality "1"]

1. d4 Nf6 2. Nf3 g6 3. c4 Bg7 4. Nc3 d5 5. cxd5 Nxd5 6. e4 Nxc3 7. bxc3 c5 8. Rb1 0-0 9. Be2 b6 10. 0-0 Bb7 11. Qd3 Qd7 12. Rd1 Ba6 13. Qc2 cxd4 14. Bxa6 Nxa6 15. cxd4 Rac8 16. Qb3 Qb7 17. Bg5 h6 18. Bh4 g5 19. Bg3 Qxe4 20. h4 gxh4 21. Bxh4 e6 22. Re1 Qc2 23. Qa3 Nc7 24. Rbc1 Nb5 25. Qa6 Qxc1 26. Rxc1 Rxc1+ 27. Kh2 Nxd4 28. Nxd4 Bxd4 29. Qa3 Be5+ 30. Bg3 Rc3 31. Qxa7 Bxg3+ 32. fxg3 Rc2 33. Qxb6 Rxa2 34. Qe3 Rd8 35. Qxh6 Rd5 36. g4 Raa5 37. Qf4 Kg7 38. Kh3 Ra8 39. g5 Raa5 40. Qf6+ Kf8 41. g6 Rh5+ 42. Kg4 Raf5 43. Qd8+ Kg7 44. gxf7 Kxf7 45. Qd7+ Kf6 46. Qd8+ Ke5 47. g3 Ke4 48. Qd4+ 1/2-1/2

[Event "BRA-ch Regional Centro Oeste"]
[Site "Brasilia"]
[Date "2016.08.14"]
[Round "5.1"]
[White "Nascimento, Davi da Silva"]
[Black "Valle, Adriano"]
[Result "0-1"]
[WhiteElo "2107"]
[BlackElo "2285"]
[PlyCount "67"]
[EventDate "2016.08.12"]
[EventType "swiss"]
[EventRounds "6"]
[EventCountry "BRA"]
[SourceTitle "EXT 2022"]
[Source "ChessBase"]
[SourceDate "2021.10.06"]
[SourceVersion "1"]
[SourceVersionDate "2021.10.06"]
[SourceQuality "1"]

1. d4 Nf6 2. Nf3 e6 3. g3 c5 4. c3 d5 5. Bg2 Nc6 6. 0-0 Be7 7. b3 0-0 8. h3 Bd7 9. Bf4 Rc8 10. Ne5 cxd4 11. Nxc6 bxc6 12. cxd4 c5 13. dxc5 Bxc5 14. Be5 Bb5 15. Nc3 Ba6 16. Na4 Bd6 17. Bxd6 Qxd6 18. Qd2 Bb5 19. Nb2 Qe5 20. Nd3 Bxd3 21. exd3 Qd4 22. Qe3 Qxe3 23. fxe3 Rc3 24. Rad1 Rfc8 25. Rd2 Kf8 26. Kf2 Ke7 27. Bf3 Nd7 28. Ke2 a5 29. Rb1 Rb8 30. Rbb2 Rcc8 31. Rb1 Kd6 32. Rbb2 Ne5 33. d4 Nc6 34. Rdc2 0-1

[Event "BRA-ch Regional Centro Oeste"]
[Site "Brasilia"]
[Date "2016.08.13"]
[Round "4.2"]
[White "Valle, Adriano"]
[Black "Da Silva Filho, Jair Humberto"]
[Result "1-0"]
[WhiteElo "2285"]
[BlackElo "1951"]
[PlyCount "65"]
[EventDate "2016.08.12"]
[EventType "swiss"]
[EventRounds "6"]
[EventCountry "BRA"]
[SourceTitle "EXT 2022"]
[Source "ChessBase"]
[SourceDate "2021.10.06"]
[SourceVersion "1"]
[SourceVersionDate "2021.10.06"]
[SourceQuality "1"]

1. d4 Nf6 2. Nf3 g6 3. c4 Bg7 4. Nc3 d6 5. e4 0-0 6. Be2 e5 7. d5 Nbd7 8. Bg5 h6 9. Bh4 a5 10. Nd2 Nc5 11. 0-0 g5 12. Bg3 Bd7 13. b3 Nh7 14. a3 f5 15. f3 b6 16. b4 Nb7 17. Qc2 Qe7 18. exf5 Bxf5 19. Nde4 Nf6 20. Nxf6+ Qxf6 21. Ne4 Qg6 22. Bd3 Rf7 23. Rab1 axb4 24. axb4 g4 25. fxg4 Qxg4 26. Nf6+ Rxf6 27. Bxf5 Qh5 28. Bh7+ Kh8 29. Rxf6 Bxf6 30. Rf1 Kg7 31. Be4 Qg5 32. Qf2 Nd8 33. h4 1-0

[Event "Brasilia Terraviva op"]
[Site "Brasilia"]
[Date "2016.04.23"]
[Round "4"]
[White "Valle, Adriano"]
[Black "Alboredo, Julia"]
[Result "1-0"]
[WhiteElo "2280"]
[BlackElo "2105"]
[PlyCount "71"]
[EventDate "2016.04.21"]
[EventType "swiss"]
[EventRounds "7"]
[EventCountry "BRA"]
[SourceTitle "CBM 172 Extra"]
[Source "ChessBase"]
[SourceDate "2016.06.21"]
[SourceVersion "1"]
[SourceVersionDate "2016.06.21"]
[SourceQuality "1"]

1. d4 Nf6 2. c4 g6 3. Nc3 Bg7 4. e4 d6 5. Nf3 0-0 6. Be2 e5 7. 0-0 Nc6 8. d5 Ne7 9. Nd2 a5 10. a3 Nd7 11. Rb1 f5 12. b4 Nf6 13. f3 f4 14. c5 axb4 15. axb4 g5 16. Nc4 Ng6 17. b5 h5 18. b6 g4 19. bxc7 Qxc7 20. cxd6 Qd8 21. Nb6 Rb8 22. Nxc8 Rxc8 23. Nb5 g3 24. h3 Nh7 25. Qb3 Ng5 26. Nc7 Nxh3+ 27. gxh3 Qh4 28. Kg2 Qd8 29. Ne6 Nh4+ 30. Kg1 Qf6 31. Qxb7 Rc2 32. Rb2 Rxb2 33. Bxb2 g2 34. Rf2 Qg6 35. Qxg7+ Qxg7 36. Nxg7 1-0

[Event "Brasilia Terraviva op"]
[Site "Brasilia"]
[Date "2016.04.22"]
[Round "3"]
[White "Matsuura, Everaldo"]
[Black "Valle, Adriano"]
[Result "1-0"]
[WhiteElo "2501"]
[BlackElo "2280"]
[PlyCount "57"]
[EventDate "2016.04.21"]
[EventType "swiss"]
[EventRounds "7"]
[EventCountry "BRA"]
[SourceTitle "CBM 172 Extra"]
[Source "ChessBase"]
[SourceDate "2016.06.21"]
[SourceVersion "1"]
[SourceVersionDate "2016.06.21"]
[SourceQuality "1"]

1. d4 Nf6 2. c4 e6 3. Nc3 c5 4. e3 d5 5. Nf3 Nc6 6. a3 a6 7. dxc5 Bxc5 8. b4 Ba7 9. Bb2 0-0 10. Qc2 d4 11. exd4 Nxd4 12. Nxd4 Bxd4 13. Bd3 e5 14. 0-0 Re8 15. Rad1 Qc7 16. Ne4 Bxb2 17. Nxf6+ gxf6 18. Qxb2 Bg4 19. f3 Be6 20. Qc2 Kg7 21. c5 b6 22. c6 b5 23. Bxh7 Rh8 24. Be4 f5 25. Bd5 Rac8 26. Bxe6 fxe6 27. Qc5 Qxc6 28. Qxe5+ Kf7 29. Rd6 1-0

[Event "Brasilia-ch op"]
[Site "Brasilia"]
[Date "2015.11.01"]
[Round "5"]
[White "Nascimento, Davi da Silva"]
[Black "Valle, Adriano"]
[Result "0-1"]
[WhiteElo "2136"]
[BlackElo "2263"]
[PlyCount "56"]
[EventDate "2015.10.30"]
[EventType "swiss"]
[EventRounds "7"]
[EventCountry "BRA"]
[SourceTitle "CBM 169 Extra"]
[Source "ChessBase"]
[SourceDate "2015.12.18"]
[SourceVersion "1"]
[SourceVersionDate "2015.12.18"]
[SourceQuality "1"]

1. e4 c5 2. Nc3 e6 3. d3 Nc6 4. f4 d5 5. Be2 g6 6. Bf3 Nge7 7. Nh3 Bg7 8. 0-0 Nd4 9. Nf2 0-0 10. g3 Nxf3+ 11. Qxf3 f5 12. g4 g5 13. gxf5 dxe4 14. Ncxe4 g4 15. Qg2 exf5 16. Ng3 Ng6 17. Nh5 Nh4 18. Qg3 Nf3+ 19. Kh1 Nd4 20. c3 Ne2 21. Qg2 Bd7 22. Ne4 fxe4 23. dxe4 Nxc1 24. Raxc1 Qe7 25. f5 Bc6 26. Rf4 Rxf5 27. Rxg4 Rxh5 28. Rg1 Kh8 0-1

[Event "Brasilia-ch op"]
[Site "Brasilia"]
[Date "2015.11.01"]
[Round "4"]
[White "Valle, Adriano"]
[Black "Felix, Raimundo Nascimento"]
[Result "1-0"]
[WhiteElo "2263"]
[BlackElo "1960"]
[PlyCount "43"]
[EventDate "2015.10.30"]
[EventType "swiss"]
[EventRounds "7"]
[EventCountry "BRA"]
[SourceTitle "CBM 169 Extra"]
[Source "ChessBase"]
[SourceDate "2015.12.18"]
[SourceVersion "1"]
[SourceVersionDate "2015.12.18"]
[SourceQuality "1"]

1. d4 Nf6 2. c4 g6 3. Nc3 Bg7 4. e4 d6 5. Nf3 0-0 6. Be2 e5 7. d5 Na6 8. Bg5 h6 9. Bh4 g5 10. Bg3 Nc5 11. Nd2 a5 12. 0-0 Bd7 13. b3 Qe7 14. a3 Rfc8 15. b4 axb4 16. axb4 Na6 17. Qb3 c6 18. dxc6 bxc6 19. c5 Nc7 20. cxd6 Qxd6 21. Nc4 Qd4 22. Bxe5 1-0

[Event "Brasilia FBX 50"]
[Site "Brasilia"]
[Date "2015.09.05"]
[Round "5"]
[White "Abrantes, Tiago Garrido"]
[Black "Valle, Adriano"]
[Result "0-1"]
[WhiteElo "2148"]
[BlackElo "2244"]
[PlyCount "90"]
[EventDate "2015.09.05"]
[EventType "swiss"]
[EventRounds "6"]
[EventCountry "BRA"]
[SourceTitle "EXT 2016"]
[Source "ChessBase"]
[SourceDate "2015.10.08"]
[SourceVersion "1"]
[SourceVersionDate "2015.10.08"]
[SourceQuality "1"]

1. d4 Nf6 2. c4 e6 3. g3 Bb4+ 4. Bd2 a5 5. Bg2 d5 6. Bxb4 axb4 7. Nd2 0-0 8. Ngf3 Nc6 9. 0-0 Qe7 10. Qc2 Rd8 11. Rfd1 Bd7 12. e3 Be8 13. cxd5 exd5 14. Nb3 Na5 15. Nxa5 Rxa5 16. Rdc1 c6 17. Ne5 Rda8 18. b3 Ne4 19. f3 Nc3 20. Re1 Rxa2 21. Rxa2 Rxa2 22. Qd3 f6 23. Ng4 Bg6 24. e4 dxe4 25. fxe4 Qe6 26. Bh3 Qxb3 27. Qe3 h5 28. Nf2 Qc4 29. Bf1 Qe6 30. Bh3 Qe7 31. e5 fxe5 32. dxe5 Nd5 33. Qc1 Rc2 34. Qd1 Qc5 35. Rf1 b3 36. Be6+ Kf8 37. Qf3+ Ke7 38. Bxd5 Qxd5 39. Ne4 Qd4+ 40. Nf2 b2 41. Qa3+ Qc5 42. Qb3 b5 43. Qg8 Rxf2 44. Rxf2 b1Q+ 45. Kg2 Qe4+ 0-1

[Event "Brasilia Centro Oeste-ch"]
[Site "Brasilia"]
[Date "2015.05.15"]
[Round "1"]
[White "Moraes Silva, Carlos Alessandro"]
[Black "Valle, Adriano"]
[Result "0-1"]
[WhiteElo "1771"]
[BlackElo "2260"]
[PlyCount "48"]
[EventDate "2015.05.15"]
[EventType "swiss"]
[EventRounds "6"]
[EventCountry "BRA"]
[SourceTitle "CBM 166 Extra"]
[Source "ChessBase"]
[SourceDate "2015.06.18"]
[SourceVersion "1"]
[SourceVersionDate "2015.06.18"]
[SourceQuality "1"]

1. e4 e6 2. d4 d5 3. Nd2 c5 4. c3 Nc6 5. Ngf3 cxd4 6. cxd4 dxe4 7. Nxe4 Nf6 8. Nc3 Be7 9. g3 0-0 10. Bg2 Qb6 11. Rb1 Rd8 12. Be3 Qa5 13. 0-0 e5 14. Qe2 Bg4 15. dxe5 Nxe5 16. Bf4 Nc6 17. Be3 Qh5 18. Nb5 Ne5 19. Rfc1 Nxf3+ 20. Bxf3 Bxf3 21. Qf1 Be2 22. Qg2 Qxb5 23. Rc7 Qd3 24. Re1 Bb4 0-1

[Event "Brasilia FBX op"]
[Site "Brasilia"]
[Date "2015.02.27"]
[Round "1"]
[White "Valcarcel, Victor Ignacio Sant"]
[Black "Valle, Adriano"]
[Result "0-1"]
[WhiteElo "1669"]
[BlackElo "2261"]
[PlyCount "40"]
[EventDate "2015.02.27"]
[EventType "swiss"]
[EventRounds "5"]
[EventCountry "BRA"]
[SourceTitle "CBM 165 Extra"]
[Source "ChessBase"]
[SourceDate "2015.04.21"]
[SourceVersion "1"]
[SourceVersionDate "2015.04.21"]
[SourceQuality "1"]

1. e4 e6 2. Nc3 c5 3. Nf3 a6 4. d4 cxd4 5. Nxd4 Qc7 6. Be2 Nf6 7. a3 b5 8. 0-0 Bb7 9. Bf3 d6 10. Qd3 Nbd7 11. Qe2 Be7 12. Rd1 0-0 13. Be3 Ne5 14. Bh5 Rac8 15. Na2 Nxh5 16. Qxh5 Bxe4 17. Qe2 Bb7 18. b3 Nc6 19. Nxc6 Qxc6 20. Nb4 Qxg2# 0-1